00350nam a2200157Ia 4500008004100000041000800041082001100049100001200060245003400072250000800106260002300114300000900137542001500146551002300161650000800184220531s9999 xx 000 0 und d aeng a-bOKE aOke, J. aManagement Information System a1ST aPunebNiralic2014 a5.28 d19-11-2014 aBbabNon-grant-BBA aMIS